[Event "KP 2024/25,Panda RK B-Jiskra N. Bydzov"]
[Site "?"]
[Date "2025.01.19"]
[Round "6.8"]
[White "Rozenek, Roman"]
[Black "Sevcik, Radek"]
[Result "1-0"]
[WhiteElo "1794"]
[BlackElo "1854"]
[PlyCount "41"]
[EventDate "2025.??.??"]
[SourceVersionDate "2025.01.19"]

1. e4 e5 2. Nf3 Nc6 3. c3 d5 4. Qa4 Qd6 5. exd5 Qxd5 6. d4 Bd7 7. Bc4 Qe4+ 8.
Be3 Nxd4 9. Bxf7+ Kd8 10. Qd1 Nc2+ 11. Ke2 Nxa1 12. Nbd2 Qg4 13. h3 Qf5 14. Ng5
Nh6 15. g4 Qf6 16. Nde4 Qc6 17. Qd3 Qb5 18. Bc4 Qxb2+ 19. Kf3 Qa3 20. Rd1 Qe7
21. Bc5 1-0

[Event "KP 2024/25,SK Lipa B-Lazne Belohrad"]
[Site "?"]
[Date "2025.01.19"]
[Round "6.1"]
[White "Szucs, Matyas"]
[Black "Sveda, Lubomir"]
[Result "1-0"]
[WhiteElo "2085"]
[BlackElo "1903"]
[PlyCount "71"]
[EventDate "2025.??.??"]

1. e4 e5 2. Nf3 Nc6 3. Bc4 Bc5 4. c3 Nf6 5. d3 O-O 6. Nbd2 d6 7. a4 a5 8. O-O
h6 9. Re1 Ng4 10. Re2 Kh7 11. h3 Nf6 12. Nf1 Nh5 13. d4 exd4 14. cxd4 Bb4 15.
Qb3 g6 16. g4 Nf6 17. Qe3 Ng8 18. Ng3 Nce7 19. Bd3 Nc6 20. b3 Bc3 21. Rb1 Bb4
22. Bb2 Re8 23. Bc4 Re7 24. Ne1 f5 25. gxf5 gxf5 26. Qf4 fxe4 27. d5 Ne5 28.
Qxe4+ Kh8 29. Nd3 Nf6 30. Nxe5 Nxe4 31. Nf7+ Kg8 32. Nxd8 Nxg3 33. Rxe7 Kf8 34.
Rf7+ Ke8 35. Bb5+ c6 36. dxc6 1-0

[Event "KP 2024/25,SK Lipa B-Lazne Belohrad"]
[Site "?"]
[Date "2025.01.19"]
[Round "6.2"]
[White "Korinek, Pavel"]
[Black "Safarik, Jakub"]
[Result "1/2-1/2"]
[WhiteElo "2006"]
[BlackElo "2145"]
[PlyCount "102"]
[EventDate "2025.??.??"]

1. e4 e5 2. Nf3 Nc6 3. Bb5 a6 4. Ba4 Nf6 5. O-O Be7 6. Re1 b5 7. Bb3 d6 8. c3
O-O 9. h3 Na5 10. Bc2 d5 11. d3 dxe4 12. dxe4 Qxd1 13. Rxd1 Bd6 14. Nbd2 Bb7
15. Re1 Nh5 16. Nf1 Nc4 17. N3d2 Nxd2 18. Bxd2 Rad8 19. Rad1 Bc5 20. Be3 Bxe3
21. Nxe3 Nf4 22. h4 Rfe8 23. g3 Ne6 24. f3 Kf8 25. Kf2 g6 26. Rxd8 Rxd8 27. Rd1
Rxd1 28. Bxd1 Nc5 29. Bc2 Ke7 30. b4 Nd7 31. Bb3 f6 32. Ke2 c6 33. a4 Nf8 34.
axb5 axb5 35. Kd3 Bc8 36. c4 Be6 37. Kc3 bxc4 38. Bxc4 Bxc4 39. Kxc4 Ne6 40.
Nc2 Kd6 41. Kd3 Kc7 42. Na3 Kb6 43. Ke3 Nd4 44. f4 c5 45. bxc5+ Kxc5 46. fxe5
fxe5 47. Kd3 Nb3 48. Nc2 Nc1+ 49. Kd2 Na2 50. Ke3 Nb4 51. Ne1 h6 1/2-1/2

[Event "KP 2024/25,SK Lipa B-Lazne Belohrad"]
[Site "?"]
[Date "2025.01.19"]
[Round "6.3"]
[White "Sedivy, Martin"]
[Black "Balaz, Rene"]
[Result "1-0"]
[WhiteElo "2110"]
[BlackElo "2062"]
[PlyCount "53"]
[EventDate "2025.??.??"]

1. e4 e5 2. Nf3 d6 3. d4 Nd7 4. Bc4 Be7 5. dxe5 Nb6 6. Bb3 Bg4 7. Nc3 c6 8. Bf4
dxe5 9. Qxd8+ Rxd8 10. Bxf7+ Kxf7 11. Nxe5+ Ke6 12. Nxg4 Nc4 13. Bc1 Bb4 14.
Ne3 Rd4 15. f3 Nxe3 16. Bxe3 Bxc3+ 17. bxc3 Ra4 18. Ke2 Ne7 19. Rhd1 Rc8 20.
Bc5 b6 21. Rd4 Rxd4 22. Bxd4 c5 23. Be3 Rc6 24. f4 g6 25. g4 Ng8 26. Kf3 b5 27.
f5+ 1-0

[Event "KP 2024/25,SK Lipa B-Lazne Belohrad"]
[Site "?"]
[Date "2025.01.19"]
[Round "6.4"]
[White "Groh, Ladislav"]
[Black "Jedlicka, Lubos"]
[Result "0-1"]
[WhiteElo "1821"]
[BlackElo "2120"]
[PlyCount "68"]
[EventDate "2025.??.??"]

1. Nf3 c5 2. e3 g6 3. d4 Bg7 4. c3 b6 5. g3 Bb7 6. Bg2 Nf6 7. O-O O-O 8. Qb3
Qc7 9. Nbd2 d6 10. Re1 Nbd7 11. e4 e6 12. Ng5 h6 13. Nh3 Rac8 14. Qc4 cxd4 15.
Qxc7 Rxc7 16. cxd4 Rfc8 17. Bf1 Nxe4 18. Nxe4 Bxe4 19. Bxh6 Bxh6 20. Rxe4 Rc2
21. d5 exd5 22. Rd4 Ne5 23. Rxd5 Rxb2 24. Rxd6 Rcc2 25. a4 Be3 26. Bg2 Bc5 27.
Rd8+ Kg7 28. Rad1 Ng4 29. Be4 Rxf2 30. Nxf2 Nxf2 31. Kf1 Nxe4 32. R8d7 Rf2+ 33.
Kg1 Nd2 34. Kh1 Nf3 0-1

[Event "KP 2024/25,SK Lipa B-Lazne Belohrad"]
[Site "?"]
[Date "2025.01.19"]
[Round "6.5"]
[White "Vitova, Anna"]
[Black "Kykal, Zbynek"]
[Result "1-0"]
[WhiteElo "1880"]
[BlackElo "1841"]
[PlyCount "115"]
[EventDate "2025.??.??"]

1. d4 d5 2. Nf3 Bf5 3. c4 Nf6 4. g3 e6 5. Bg2 c6 6. O-O Nbd7 7. Nc3 Be7 8. b3
O-O 9. Bb2 h6 10. Re1 Re8 11. Ne5 Bd6 12. e4 dxe4 13. Nxe4 Nxe4 14. Bxe4 Bxe4
15. Rxe4 Nf6 16. Re2 Qc7 17. Qc2 Rac8 18. Nf3 Qa5 19. Rd1 Qh5 20. Qd3 a6 21.
Bc3 Be7 22. Kg2 Bd6 23. Rde1 Qf5 24. Qd2 Rcd8 25. Nh4 Qh5 26. f4 Kf8 27. Bb4 g5
28. Re5 Nh7 29. Bxd6+ Rxd6 30. Qb4 Red8 31. d5 cxd5 32. cxd5 Kg8 33. dxe6 Rd2+
34. Kg1 f6 35. e7 Re8 36. Qxd2 fxe5 37. Rxe5 Qf7 38. Nf5 Qg6 39. Nd6 gxf4 40.
Nxe8 fxg3 41. Qd5+ Kh8 42. hxg3 Qxg3+ 43. Kf1 Qf4+ 44. Ke2 Qh2+ 45. Kd1 Qb2 46.
Rf5 Qb1+ 47. Ke2 Qc2+ 48. Ke3 Qc1+ 49. Ke2 Qc2+ 50. Kf1 Qb1+ 51. Kg2 Qc2+ 52.
Kg3 Qc3+ 53. Qf3 Qe1+ 54. Qf2 Qc3+ 55. Rf3 Qe5+ 56. Kg2 Qg5+ 57. Rg3 Qd5+ 58.
Kf1 1-0

[Event "KP 2024/25,SK Lipa B-Lazne Belohrad"]
[Site "?"]
[Date "2025.01.19"]
[Round "6.6"]
[White "Jezek, Milan"]
[Black "Gloser, Tomas"]
[Result "1-0"]
[WhiteElo "1806"]
[BlackElo "1810"]
[PlyCount "57"]
[EventDate "2025.??.??"]

1. c4 c5 2. Nc3 Nc6 3. g3 g6 4. Bg2 Bg7 5. Rb1 d6 6. d3 e6 7. e4 Nge7 8. Nge2
O-O 9. O-O Nd4 10. Nxd4 Bxd4 11. Bh6 Re8 12. Ne2 Nc6 13. Nxd4 Nxd4 14. Qd2 e5
15. Bg5 f6 16. Be3 Nc6 17. f4 Bd7 18. h3 h5 19. Rf2 Qc8 20. Kh2 Ne7 21. fxe5
fxe5 22. Rbf1 Be6 23. Bh6 Qd7 24. Rf6 Kh7 25. Qg5 Rg8 26. Rf7+ Bxf7 27. Rxf7+
Rg7 28. Rxg7+ Kh8 29. Rxe7 1-0

[Event "KP 2024/25,SK Lipa B-Lazne Belohrad"]
[Site "?"]
[Date "2025.01.19"]
[Round "6.7"]
[White "Vit, Ondrej"]
[Black "Pochop, Karel"]
[Result "1/2-1/2"]
[WhiteElo "1698"]
[BlackElo "1819"]
[PlyCount "129"]
[EventDate "2025.??.??"]

1. e4 d6 2. d4 g6 3. Nf3 Nf6 4. Nc3 Bg7 5. Bg5 c6 6. e5 Nd5 7. Nxd5 cxd5 8. Qd2
Bg4 9. Bh6 Bxh6 10. Qxh6 Bxf3 11. gxf3 dxe5 12. Qg7 Rf8 13. Qxe5 Nc6 14. Qe3
Qa5+ 15. c3 O-O-O 16. Bh3+ Kb8 17. O-O h5 18. f4 Qc7 19. Bg2 Rd6 20. b4 Re6 21.
Qg3 Rd8 22. Rfe1 Rf6 23. b5 Na5 24. Re5 e6 25. Bf1 Rc8 26. Rc1 Nc4 27. Qg5 Nxe5
28. Qxf6 Ng4 29. Qh4 Qxf4 30. Qg3 Qxg3+ 31. hxg3 Kc7 32. c4 dxc4 33. Rxc4+ Kd7
34. Rxc8 Kxc8 35. Bg2 Kc7 36. d5 e5 37. d6+ Kxd6 38. Bxb7 Kc5 39. a4 Nf6 40.
Bc6 Kb4 41. f3 g5 42. Kf2 Kc5 43. Ke3 a6 44. f4 axb5 45. axb5 exf4+ 46. gxf4 g4
47. Kf2 h4 48. f5 Nd5 49. Be8 f6 50. Bh5 g3+ 51. Kf3 Kxb5 52. Bg4 Kc5 53. Bh3
Kd4 54. Kg4 Ke4 55. Bg2+ Ke5 56. Kxh4 Ne3 57. Kxg3 Nxg2 58. Kxg2 Kxf5 59. Kf3
Ke5 60. Ke3 f5 61. Kf3 f4 62. Kf2 Ke4 63. Ke2 f3+ 64. Kf1 Ke3 65. Ke1 1/2-1/2

[Event "KP 2024/25,SK Lipa C-TJ Nachod B"]
[Site "?"]
[Date "2025.01.19"]
[Round "6.1"]
[White "Jirasek, Pavel"]
[Black "Cerha, Michal"]
[Result "1-0"]
[WhiteElo "2282"]
[BlackElo "1954"]
[PlyCount "95"]
[EventDate "2025.??.??"]
[SourceVersionDate "2025.01.19"]

1. c4 e5 2. g3 Nf6 3. Bg2 c6 4. Nf3 d6 5. Nc3 Be6 6. b3 h6 7. O-O Be7 8. e4 c5
9. d3 O-O 10. Nh4 Nc6 11. Nf5 Nd4 12. f4 Rb8 13. g4 Bxf5 14. exf5 Nd7 15. Nd5
exf4 16. Bxf4 Ne5 17. Bxh6 Bg5 18. Bxg7 Kxg7 19. f6+ Bxf6 20. Rxf6 Qxf6 21.
Nxf6 Kxf6 22. Qf1+ Kg7 23. Be4 f5 24. gxf5 Kf6 25. Kh1 Rh8 26. Rb1 Rbg8 27. Rb2
Rg4 28. Rg2 Rhh4 29. Bxb7 Rf4 30. Rf2 Rxh2+ 31. Kxh2 Rxf2+ 32. Qxf2 Ng4+ 33.
Kg2 Nxf2 34. Kxf2 Kxf5 35. Ke3 Ke5 36. Kd2 Kf4 37. Be4 Ne6 38. Bc6 Nd4 39. Bd5
Nf5 40. Kc3 Ke3 41. b4 cxb4+ 42. Kxb4 Kxd3 43. Kb5 Ne3 44. Be6 Kd4 45. a4 a5
46. Bf7 d5 47. c5 Nc4 48. Bh5 1-0

[Event "KP 2024/25,SK Lipa C-TJ Nachod B"]
[Site "?"]
[Date "2025.01.19"]
[Round "6.2"]
[White "Semerak, Pavel"]
[Black "Pokorny, Zdenek"]
[Result "0-1"]
[WhiteElo "1973"]
[BlackElo "2202"]
[PlyCount "36"]
[EventDate "2025.??.??"]
[SourceVersionDate "2025.01.19"]

1. e4 e5 2. Nf3 Nc6 3. Bc4 Nf6 4. d3 h6 5. O-O d6 6. c3 g5 7. Re1 Bg7 8. h4 Nh7
9. hxg5 hxg5 10. Nh2 g4 11. g3 Qd7 12. Be3 Na5 13. Bb3 Nxb3 14. axb3 Qe6 15.
Nd2 Qg6 16. f4 gxf3 17. Ndxf3 Qxg3+ 18. Kh1 Ng5 0-1

[Event "KP 2024/25,SK Lipa C-TJ Nachod B"]
[Site "?"]
[Date "2025.01.19"]
[Round "6.3"]
[White "Kratky, Josef"]
[Black "Sobotnik, Petr"]
[Result "1-0"]
[WhiteElo "2094"]
[BlackElo "1920"]
[PlyCount "63"]
[EventDate "2025.??.??"]
[SourceVersionDate "2025.01.19"]

1. c4 Nf6 2. Nc3 e5 3. g3 Bb4 4. Nd5 Be7 5. Bg2 c6 6. Nxf6+ Bxf6 7. e4 O-O 8.
Ne2 d6 9. d3 Be6 10. O-O Nd7 11. h3 Be7 12. f4 f6 13. Be3 Kh8 14. b3 g5 15.
fxg5 fxg5 16. Qd2 c5 17. Nc3 a6 18. Nd5 Bxd5 19. exd5 Rxf1+ 20. Rxf1 Qg8 21.
Be4 Rf8 22. Bf5 Nb6 23. Kg2 Na8 24. Be6 Qg6 25. Rxf8+ Bxf8 26. Bxg5 Nc7 27. Qf2
Bg7 28. Qf7 Nxe6 29. dxe6 Qxg5 30. Qe8+ Bf8 31. Qxf8+ Qg8 32. e7 1-0

[Event "KP 2024/25,SK Lipa C-TJ Nachod B"]
[Site "?"]
[Date "2025.01.19"]
[Round "6.4"]
[White "Jirman, Jonas"]
[Black "Fiedler, Bedrich"]
[Result "0-1"]
[WhiteElo "1762"]
[BlackElo "2051"]
[PlyCount "74"]
[EventDate "2025.??.??"]
[SourceVersionDate "2025.01.19"]

1. e4 c5 2. Nf3 g6 3. d4 cxd4 4. Nxd4 Bg7 5. Be3 d6 6. Nc3 Nf6 7. f3 Nc6 8. Qd2
O-O 9. O-O-O d5 10. Nxc6 bxc6 11. Bh6 Be6 12. Bxg7 Kxg7 13. e5 Nd7 14. h4 Nxe5
15. h5 Rh8 16. Re1 Qd6 17. h6+ Kf8 18. Qd4 f6 19. f4 Nd7 20. g3 Kf7 21. Bg2
Rhb8 22. Re2 Bg4 23. Rd2 Rb4 24. Qf2 Rab8 25. b3 Qc5 26. Qxc5 Nxc5 27. Re1 e6
28. Rf2 Rg8 29. a3 Rbb8 30. Ref1 Nd7 31. Ne2 Bxe2 32. Rxe2 g5 33. fxg5 Rxg5 34.
Bh3 Re8 35. Rfe1 Re5 36. Bg4 Rg8 37. Bxe6+ Kxe6 0-1

[Event "KP 2024/25,SK Lipa C-TJ Nachod B"]
[Site "?"]
[Date "2025.01.19"]
[Round "6.5"]
[White "Novak, Ludek"]
[Black "Pultar, Petr"]
[Result "1-0"]
[WhiteElo "1929"]
[BlackElo "1872"]
[PlyCount "81"]
[EventDate "2025.??.??"]
[SourceVersionDate "2025.01.19"]

1. d4 d5 2. c4 e6 3. Nc3 Nf6 4. Bg5 Be7 5. e3 Nbd7 6. Nf3 b6 7. cxd5 Nxd5 8.
Nxd5 Bxg5 9. Nxc7+ Qxc7 10. Nxg5 Bb7 11. Rc1 Qd6 12. Nf3 O-O 13. Bd3 Bxf3 14.
gxf3 e5 15. dxe5 Qb4+ 16. Qd2 Qxd2+ 17. Kxd2 Nxe5 18. Be4 Rad8+ 19. Ke2 f5 20.
Bc2 f4 21. Be4 fxe3 22. fxe3 Rf7 23. Rhd1 Rxd1 24. Rxd1 Rf6 25. f4 Ng6 26. Rd7
a5 27. Rc7 Kf8 28. Rc6 Rxc6 29. Bxc6 Ke7 30. Be4 Nf8 31. Kd3 h6 32. Bf5 g6 33.
Bh3 Nh7 34. Kd4 Kd6 35. e4 h5 36. e5+ Kc6 37. Bg2+ Kd7 38. Kd5 g5 39. Be4 Nf8
40. fxg5 Ke7 41. Bf5 1-0

[Event "KP 2024/25,SK Lipa C-TJ Nachod B"]
[Site "?"]
[Date "2025.01.19"]
[Round "6.6"]
[White "Hepnar, David"]
[Black "Nemec, Otakar"]
[Result "1/2-1/2"]
[WhiteElo "1827"]
[BlackElo "1836"]
[PlyCount "64"]
[EventDate "2025.??.??"]
[SourceVersionDate "2025.01.19"]

1. e4 c5 2. Nf3 Nc6 3. d4 cxd4 4. Nxd4 Nf6 5. Nc3 e5 6. Nb3 Bb4 7. Bg5 h6 8.
Bxf6 Bxc3+ 9. bxc3 Qxf6 10. Bc4 O-O 11. O-O d6 12. Bd5 Qe7 13. Qd2 Be6 14. c4
Rac8 15. Rfd1 Rfd8 16. Rac1 Qc7 17. Qe3 Bxd5 18. cxd5 Ne7 19. c4 b6 20. Rd2 Qd7
21. g3 Ng6 22. Qe2 Rc7 23. Rdc2 Rdc8 24. Kg2 Kh7 25. Qh5 Rf8 26. Rf1 f5 27. Qe2
f4 28. f3 Rfc8 29. Rfc1 a5 30. Qd3 Qa4 31. Kf2 Qd7 32. Kg2 Rf8 1/2-1/2

[Event "KP 2024/25,SK Lipa C-TJ Nachod B"]
[Site "?"]
[Date "2025.01.19"]
[Round "6.7"]
[White "Tsapanidis, Vasilis"]
[Black "Bednar, Jiri"]
[Result "1/2-1/2"]
[WhiteElo "1814"]
[BlackElo "1884"]
[PlyCount "70"]
[EventDate "2025.??.??"]
[SourceVersionDate "2025.01.19"]

1. e4 d6 2. d4 Nf6 3. Nc3 c6 4. Be2 Nbd7 5. Nf3 Qc7 6. O-O g6 7. h3 Bg7 8. Be3
O-O 9. Qd2 a6 10. Bh6 b5 11. Bxg7 Kxg7 12. a3 Bb7 13. Bd3 Rac8 14. Rfe1 e5 15.
dxe5 dxe5 16. Ne2 c5 17. Ng3 c4 18. Bf1 Nc5 19. Qg5 Bxe4 20. Nxe4 Nfxe4 21.
Qxe5+ Qxe5 22. Nxe5 f6 23. Nf3 Rcd8 24. Rad1 Kf7 25. g3 Rd6 26. Rxd6 Nxd6 27.
Bg2 Re8 28. Rxe8 Kxe8 29. Kf1 Na4 30. b3 cxb3 31. cxb3 Nc5 32. Nd2 Kd8 33. Ke2
Kc7 34. Bd5 Nf5 35. b4 Nd4+ 1/2-1/2

[Event "KP 2024/25,SK Lipa C-TJ Nachod B"]
[Site "?"]
[Date "2025.01.20"]
[Round "6.8"]
[White "Bubenicek, Simon"]
[Black "Moravec, Radovan"]
[Result "1-0"]
[WhiteElo "1655"]
[BlackElo "1764"]
[PlyCount "81"]
[EventDate "2025.??.??"]
[SourceVersionDate "2025.01.20"]

1. d4 e6 2. c4 f5 3. Nf3 Nf6 4. Nc3 Be7 5. g3 b6 6. Bg2 Bb7 7. O-O O-O 8. b3
Ne4 9. Bb2 Bf6 10. e3 d5 11. Nd2 Nxc3 12. Bxc3 c5 13. Qc2 cxd4 14. exd4 Rf7 15.
Rad1 dxc4 16. Bxb7 cxb3 17. Qxb3 Rxb7 18. Qxe6+ Rf7 19. Rfe1 Na6 20. Nf3 Nc7
21. Qb3 Qd5 22. Ne5 Qxb3 23. axb3 Re7 24. d5 Bxe5 25. Bxe5 Rd7 26. Bxc7 Rxc7
27. f4 Rd8 28. Rd3 Rcd7 29. Re5 g6 30. Kf2 Kf7 31. Ke3 a5 32. Kd4 Rd6 33. Rc3
R8d7 34. Rc8 Ra7 35. Rc6 Rxc6 36. dxc6 a4 37. bxa4 Rxa4+ 38. Kd5 Ra8 39. c7 b5
40. Kc6 b4 41. Kb7 1-0

[Event "KP 2024/25,TJ Hronov-SK Lomnice"]
[Site "?"]
[Date "2025.01.19"]
[Round "6.1"]
[White "Cibulka, Josef"]
[Black "Novotny, Jaroslav"]
[Result "1/2-1/2"]
[WhiteElo "2057"]
[BlackElo "2148"]
[PlyCount "71"]
[EventDate "2025.??.??"]

1. e4 c6 2. Nf3 d5 3. d3 Bg4 4. Be2 e6 5. O-O Nf6 6. Ne1 Bxe2 7. Qxe2 Be7 8.
Nd2 O-O 9. Nb3 c5 10. Bg5 b6 11. Nf3 Nc6 12. c3 h6 13. exd5 exd5 14. Bxf6 Bxf6
15. d4 c4 16. Nbd2 Re8 17. Qd1 Qd6 18. Re1 b5 19. Qc2 a5 20. Nf1 g6 21. Qd2 Kg7
22. Rxe8 Rxe8 23. Re1 Rxe1 24. Qxe1 Qe6 25. Qxe6 fxe6 26. Ne3 b4 27. Nc2 Be7
28. Kf1 bxc3 29. bxc3 Na7 30. Ne3 Nb5 31. Nd1 a4 32. Ke2 Bd6 33. g3 Kf6 34. Kd2
g5 35. Ne3 h5 36. h3 1/2-1/2

[Event "KP 2024/25,TJ Hronov-SK Lomnice"]
[Site "?"]
[Date "2025.01.19"]
[Round "6.2"]
[White "Duczynski, Martin"]
[Black "Velecky, Viktor"]
[Result "1-0"]
[WhiteElo "2093"]
[BlackElo "2062"]
[PlyCount "55"]
[EventDate "2025.??.??"]

1. d4 d5 2. Bg5 c5 3. Nf3 Nc6 4. dxc5 h6 5. Bh4 g5 6. Bg3 Bg7 7. c3 f5 8. h4 e5
9. hxg5 hxg5 10. Rxh8 Bxh8 11. e3 g4 12. Nfd2 Qe7 13. Be2 Qxc5 14. Nb3 Qe7 15.
Qxd5 Be6 16. Qc5 Qc7 17. N1d2 O-O-O 18. O-O-O Bf6 19. Bc4 Bd7 20. Bxg8 Rxg8 21.
Qd5 Rf8 22. Nc4 Ne7 23. Nd6+ Kb8 24. Qxb7+ Qxb7 25. Nxb7 Bc6 26. N3c5 Ng6 27.
Na5 Kc7 28. Ne6+ 1-0

[Event "KP 2024/25,TJ Hronov-SK Lomnice"]
[Site "?"]
[Date "2025.01.19"]
[Round "6.3"]
[White "Drasnar, Lukas"]
[Black "Blazek, Dusan"]
[Result "1/2-1/2"]
[WhiteElo "1991"]
[BlackElo "2075"]
[PlyCount "38"]
[EventDate "2025.??.??"]

1. e4 d6 2. d4 Nf6 3. Nc3 e5 4. dxe5 dxe5 5. Qxd8+ Kxd8 6. Bc4 Be6 7. Bxe6 fxe6
8. Be3 Bd6 9. f3 a6 10. a4 Nc6 11. Nge2 Ke7 12. h4 h6 13. h5 Nb4 14. Rc1 c5 15.
Ng3 Rhg8 16. Kf2 b5 17. Rhd1 Nc6 18. Rd2 Nd4 19. Rcd1 Bc7 1/2-1/2

[Event "KP 2024/25,TJ Hronov-SK Lomnice"]
[Site "?"]
[Date "2025.01.19"]
[Round "6.4"]
[White "Volman, Vaclav"]
[Black "Prochazka, Jan"]
[Result "1-0"]
[WhiteElo "1958"]
[BlackElo "1857"]
[PlyCount "155"]
[EventDate "2025.??.??"]

1. d4 d5 2. Nf3 Nf6 3. Bf4 c5 4. e3 Nc6 5. c3 cxd4 6. exd4 Bf5 7. Qb3 Qb6 8.
Qxb6 axb6 9. Na3 Na7 10. Bc7 Bd7 11. Bxb6 e6 12. Nc2 Bd6 13. Bxa7 Rxa7 14. Bd3
O-O 15. O-O Rc8 16. Rfe1 Ra5 17. Ne5 Bb5 18. Bxb5 Rxb5 19. Nd3 Ne4 20. a3 Nd2
21. Ncb4 Nc4 22. Re2 Ra5 23. g3 g6 24. Rc1 Kg7 25. Ne5 Nxe5 26. dxe5 Bxb4 27.
axb4 Ra4 28. Rd1 b5 29. Kg2 Ra2 30. Kf3 Rc7 31. Ke3 Rc6 32. Kd3 Kh6 33. Kc2 Rc8
34. Ree1 Rca8 35. Rd4 R8a7 36. Kb3 R2a6 37. Rf4 Kg7 38. h4 Ra4 39. Rd4 R4a6 40.
Red1 Ra4 41. Rg4 h5 42. Rgd4 Ra8 43. Rh1 R4a6 44. f3 R6a7 45. Rdd1 Ra6 46. Rdg1
R6a7 47. Kc2 Ra6 48. Kd3 Ra2 49. Rh2 R2a6 50. g4 hxg4 51. fxg4 Kh6 52. Rf1 Kg7
53. h5 gxh5 54. gxh5 R8a7 55. Rhf2 Ra1 56. h6+ Kxh6 57. Rxa1 Rxa1 58. Rxf7 Re1
59. Rf6+ Kg5 60. Rxe6 Kf5 61. Re8 Rd1+ 62. Kc2 Rh1 63. e6 Ke5 64. e7 Rh2+ 65.
Kb3 Rh7 66. Rb8 Rxe7 67. Rxb5 Kd6 68. Rb6+ Kc7 69. Rh6 Re2 70. Rh4 Kd6 71. Rd4
Kc6 72. Ka3 Re3 73. b5+ Kc5 74. b6 Re7 75. Rb4 Rb7 76. Ka4 Kc6 77. Ka5 Rb8 78.
b7 1-0

[Event "KP 2024/25,TJ Hronov-SK Lomnice"]
[Site "?"]
[Date "2025.01.19"]
[Round "6.5"]
[White "Vagner, Patrik"]
[Black "Blaha, Milan"]
[Result "1/2-1/2"]
[WhiteElo "1805"]
[BlackElo "1959"]
[PlyCount "31"]
[EventDate "2025.??.??"]

1. d4 Nf6 2. c4 e6 3. Nc3 d5 4. Bg5 Be7 5. e3 O-O 6. Nf3 Nbd7 7. Rc1 c6 8. Bd3
dxc4 9. Bxc4 b5 10. Bd3 a6 11. O-O Bb7 12. Ne4 Nxe4 13. Bxe7 Nxf2 14. Bxd8 Nxd1
15. Rfxd1 Rfxd8 16. Be4 1/2-1/2

[Event "KP 2024/25,TJ Hronov-SK Lomnice"]
[Site "?"]
[Date "2025.01.19"]
[Round "6.6"]
[White "Laska, Tomas"]
[Black "Fuchs, Frantisek"]
[Result "1-0"]
[WhiteElo "1929"]
[BlackElo "1899"]
[PlyCount "81"]
[EventDate "2025.??.??"]

1. e4 c5 2. Nf3 d6 3. d4 cxd4 4. Nxd4 Nf6 5. Nc3 g6 6. Be3 Bg7 7. f3 O-O 8. Qd2
Nc6 9. Bc4 Bd7 10. O-O-O Rc8 11. Bb3 Ne5 12. h4 h5 13. Bh6 Nc4 14. Bxc4 Rxc4
15. Bxg7 Kxg7 16. g4 hxg4 17. h5 Rh8 18. hxg6 fxg6 19. f4 Rh3 20. e5 Nh5 21.
exd6 exd6 22. Rhe1 Nf6 23. Ne6+ Bxe6 24. Rxe6 d5 25. Qe2 Rxf4 26. Re7+ Kh6 27.
Rxb7 g3 28. Qe5 Rf2 29. Rb8 Qd7 30. Nxd5 Qf5 31. Qxf5 Rxf5 32. Nxf6 Kg5 33.
Ne4+ Kf4 34. Nxg3 Rxg3 35. Rf1+ Rf3 36. Rb4+ Ke3 37. Rb3+ Ke2 38. Rfxf3 Rxf3
39. Rxf3 Kxf3 40. Kd2 Kf2 41. c4 1-0

[Event "KP 2024/25,TJ Hronov-SK Lomnice"]
[Site "?"]
[Date "2025.01.19"]
[Round "6.7"]
[White "Hyhlan, Jaroslav"]
[Black "Pospisil, Jiri"]
[Result "1/2-1/2"]
[WhiteElo "1874"]
[BlackElo "1840"]
[PlyCount "39"]
[EventDate "2025.??.??"]

1. d4 d5 2. c4 e6 3. Nc3 Nf6 4. e3 c5 5. Nf3 Nc6 6. Be2 Be7 7. O-O O-O 8. a3 a6
9. dxc5 Bxc5 10. b4 Be7 11. Bb2 dxc4 12. Bxc4 b5 13. Bb3 Bb7 14. Qe2 Qc7 15.
Rac1 Qb6 16. e4 Rfd8 17. Rfd1 Rac8 18. h3 Rxd1+ 19. Rxd1 Rd8 20. g4 1/2-1/2

[Event "KP 2024/25,TJ Hronov-SK Lomnice"]
[Site "?"]
[Date "2025.01.19"]
[Round "6.8"]
[White "Hyska, Pavel"]
[Black "Cap, Jaroslav"]
[Result "1/2-1/2"]
[WhiteElo "1859"]
[BlackElo "1810"]
[PlyCount "109"]
[EventDate "2025.??.??"]

1. e4 c5 2. c3 d6 3. d4 cxd4 4. cxd4 e6 5. Nc3 Be7 6. Nf3 Nf6 7. Bd3 Nc6 8. O-O
O-O 9. Re1 a6 10. a3 b5 11. e5 dxe5 12. dxe5 Nd7 13. Qc2 g6 14. Nxb5 Ncxe5 15.
Nxe5 Nxe5 16. Rxe5 axb5 17. Bh6 Bf6 18. Rxb5 Re8 19. Rd1 Qe7 20. Be4 Ba6 21.
Bxa8 Bxb5 22. Bf3 Rd8 23. Rxd8+ Qxd8 24. a4 Ba6 25. b4 Bg7 26. Be3 Bd4 27. b5
Bxe3 28. fxe3 Qa5 29. Kf2 Bxb5 30. axb5 Qxb5 31. g3 h5 32. h3 Qe5 33. Qd2 Qb8
34. Kg2 Kh7 35. Be4 Qc7 36. Qf2 f5 37. Bd3 e5 38. Bxf5 gxf5 39. Qxf5+ Kh6 40.
Qf8+ Kg6 41. g4 hxg4 42. hxg4 Qc6+ 43. Kg3 Qe4 44. Qd6+ Kg5 45. Qe7+ Kg6 46.
Qe6+ Kg5 47. Qg8+ Kh6 48. Qh8+ Kg6 49. Qh5+ Kg7 50. Qg5+ Kh8 51. Qf6+ Kg8 52.
Qe6+ Kg7 53. Qe7+ Kg6 54. Qe8+ Kg7 55. Qe7+ 1/2-1/2

[Event "KP 2024/25,J. Jaromer-J. Horice"]
[Site "?"]
[Date "2025.01.19"]
[Round "6.1"]
[White "Hubka, Lubos"]
[Black "Flasar, Jaroslav"]
[Result "1-0"]
[WhiteElo "1987"]
[BlackElo "2047"]
[PlyCount "83"]
[EventDate "2025.??.??"]
[SourceVersionDate "2025.01.19"]

1. e4 c5 2. Nf3 e6 3. d4 cxd4 4. Nxd4 a6 5. c4 Nf6 6. Nc3 Qc7 7. Bd3 d6 8. O-O
Nbd7 9. h3 Be7 10. Be3 b6 11. Qe2 Bb7 12. Rac1 Rc8 13. b3 O-O 14. f3 Qb8 15.
Rfd1 Rfe8 16. Qf2 Bd8 17. Nde2 Bc7 18. Bb1 Kh8 19. Rc2 Rg8 20. Rcd2 Ba8 21. a4
g5 22. Bd4 Rg7 23. Kh1 Rcg8 24. g4 Qb7 25. Ng3 Rg6 26. Kg2 Rh6 27. Nce2 Rg7 28.
b4 Rh4 29. Rb2 Bd8 30. c5 bxc5 31. bxc5 Qc6 32. cxd6 Qxa4 33. Rc1 Rg8 34. Rc8
e5 35. Rxa8 exd4 36. Qxd4 Qc6 37. Rxd8 Rxd8 38. Nf5 Re8 39. Ba2 Ne5 40. Bxf7
Rxg4+ 41. hxg4 Nexg4 42. Bxe8 1-0

[Event "KP 2024/25,J. Jaromer-J. Horice"]
[Site "?"]
[Date "2025.01.19"]
[Round "6.2"]
[White "Stejskal, Michal"]
[Black "Prouza, Pavel"]
[Result "1-0"]
[WhiteElo "1915"]
[BlackElo "1973"]
[PlyCount "69"]
[EventDate "2025.??.??"]
[SourceVersionDate "2025.01.19"]

1. e4 c5 2. Nf3 d6 3. Nc3 Nf6 4. g3 Nc6 5. Bg2 e5 6. d3 Be7 7. Bg5 h6 8. Bxf6
Bxf6 9. Nd5 O-O 10. c3 g6 11. Nxf6+ Qxf6 12. Qd2 Kg7 13. O-O Bg4 14. Ne1 Qd8
15. Nc2 Be6 16. d4 Bc4 17. Rfd1 cxd4 18. cxd4 Rc8 19. b3 Ba6 20. Rac1 Qb6 21.
Bh3 Rcd8 22. d5 Nb8 23. Ne3 Bb5 24. Nc4 Bxc4 25. Rxc4 Na6 26. Rdc1 Rde8 27. Kh1
Re7 28. f4 Rfe8 29. f5 Rc7 30. f6+ Kh7 31. Kg2 Rxc4 32. Rxc4 Qd8 33. Qf2 Nc7
34. Qxa7 Qxf6 35. Rxc7 1-0

[Event "KP 2024/25,J. Jaromer-J. Horice"]
[Site "?"]
[Date "2025.01.19"]
[Round "6.3"]
[White "Wenke, Oldrich"]
[Black "Hrnciarik, Karel"]
[Result "1-0"]
[WhiteElo "1965"]
[BlackElo "1956"]
[PlyCount "53"]
[EventDate "2025.??.??"]
[SourceVersionDate "2025.01.19"]

1. e4 c5 2. Nc3 Nc6 3. Bb5 d6 4. Bxc6+ bxc6 5. f4 g6 6. Nf3 Bg7 7. O-O e6 8. d3
Ne7 9. Qe1 Bd7 10. Be3 Qb6 11. Rb1 Bd4 12. Qf2 Bxe3 13. Qxe3 O-O 14. Qf2 Kg7
15. e5 Nd5 16. exd6 Qb4 17. Ne5 Rfd8 18. Ne4 Be8 19. Nc4 f5 20. Nxc5 Bf7 21. c3
Qb5 22. a4 Qb8 23. Qd4+ Kg8 24. Qe5 Re8 25. d7 Re7 26. Qxb8+ Rxb8 27. Na5 1-0